Score 0/42 Timer 05:00
1 Play Today
Hint Four Letter Answer % Correct
Spanish greeting●HOLA!●
96.2%
A secretion from the eyeTEAR
92.9%
Generic business slogan -- 'We go the extra ____'MILE
92.4%
Bluish-green colorTEAL
91.9%
A courtroom disturber might be ____ in contemptHELD
91%
Traditional Scottish garment●KILT●
90.8%
Full nelson, kimura, arm-bar or figure-four leglockHOLD
90%
Whaler-speak, '____ she blows!'THAR
89.5%
One who entertains guestsHOST
88.5%
What a seamstress doesSEWS
87.1%
A horse's gait between walk and canterTROT
87.1%
You can come to Sporcle to do this to timeKILL
86.5%
You read this in your local paperNEWS
86.3%
A sword's handleHILT
85.8%
Command that precedes 'Who goes there?'HALT
85.5%
Saw, flour, or pepper followerMILL
85.3%
Asgardian AvengerTHOR
85.2%
Can contain gold, coal, or diamonds, for example●MINE●
84.7%
Advertisers insist that ____ the time to buy●NOW'S●
83.6%
Anti-pollution slogan -- 'Give a ____'HOOT
83.3%
Female pigsSOWS
82.8%
Hint Four Letter Answer % Correct
What braggarts do to their own hornsTOOT
82.7%
What follows when Death is on a pale horseHELL
81.7%
Fatal flaw when attempting to bluff in pokerTELL
81.6%
To send liquid from one container to anotherPOUR
80.5%
Enemy combatants detained during wartimePOWS
80.2%
Rammstein song 'Du ____'●HAST●
78.9%
The opposite of starboardPORT
77.4%
'Duckface' is a version of this facial expressionPOUT
77.2%
To long forPINE
75.4%
Shakespearean address●THOU●
73.4%
Cereal slogan -- 'Gotta have my ____'●POPS;●
72.8%
One of your options at an intersection●TURN●
72.8%
Sherlock Holmes accessoryPIPE
72.7%
Slang for pants, as in 'to drop ____'TROU
72.5%
Ripped, ruptured, slashedTORN
72.4%
Investigative reporting slogan -- 'On ____ side'●YOUR●
69.2%
English poet AlexanderPOPE
69%
A type of court caseTORT
68.5%
French word for underSOUS
57.2%
An Arabic open-air marketplaceSOUK
31.9%
Nickname for MLB's Greek God of WalksYOUK
30.6%

Today's Daily Dose

Missing Word
I Hardly Know Her!

Word Ladder
Sentence Ending

Quick Pick
Female Firsts

Get the Picture
Triathlon Sports

Remove Ads.
Support Sporcle.
Get the best of Sporcle when you Go Orange. This ad-free experience offers more features, more stats, and more fun while also helping to support Sporcle. Thank you for becoming a member.

You're not logged in!

Compare scores with friends on all Sporcle quizzes.
OR
Log In

Show Comments

Extras

Top Quizzes Today


Score Distribution

Your Account Isn't Verified!

In order to create a playlist on Sporcle, you need to verify the email address you used during registration. Go to your Sporcle Settings to finish the process.

Report this User

Report this user for behavior that violates our Community Guidelines.

Details: